Statistics for Free the World Map by 5 Relatively Largest Cities per Square

Click here to take the quiz!

General Stats

  • This quiz has been taken 968 times
  • The average score is 110 of 249

Answers on the Map

Answers color-coded by a green-red scale on the quiz's map according to % correct below.
 

Answer Stats

Type-inBlock% Correct
r:^LONDON|^GLASGOW|^DUBLIN|^CORK|^BIRMINGHAMx12y2
93%
r:^NEWYORK|^NYC|^HARTFORD|^PHIL+[AEI]DEL(PH|F+)[EI]A|^PHIL+(IE|EY|Y)|^SCRANTON|^SALISBURYx7y4
93%
r:^L[AO]SANG[AEIOUL]+S|^SANFRANCISCO|^REDDING|^ELKO|^FRESNOx3y4
92%
r:^BORDEAUX|^PARIS|^NANTES|^BILBAO|^BILBOA|^GIJONx12y3
91%
r:^ANCHORAGE|^FAIRBANKS|^VALDEZ|^TOK|^DELTANAx1y1
91%
r:^MADRID|^CASABLANCA|^AL+G[EI]+RS|^BARC[AEIO]LONA|^ORANx12y4
90%
r:^BERLIN|^THERUHR|^RUHR|^DORTMUND|^ESSEN|^BOCHUM|^DUISBURG|^OSLO|^COPENHAGEN|^KOBENHAVN|^HAMBURG|^HAMBERGx13y2
90%
r:^MOSCOW|^NIZH?N(EY|Y|IE)|^GORKY|^VORONEZH|^YAROSLAVL|^BRYANSKx15y2
90%
r:^STOCKHOLM|^(SAINT|ST|SANKT)PETERS?B[EU]RG|^MINSK|^RIGA|^WARSAWx14y2
89%
r:^MEXICO|^MERIDA|^TUXTLAGUTIERREZ|^TAMPICO|^OAXACAx5y6
89%
r:^DALLAS|^MONT[AEI]R+[AE]Y|^NEWORLEANS|^HOUSTON|^SANANTONIOx5y5
88%
r:^ISTANBUL|^ATHENS|^(HE|I)RA?[CK]L[AEIO]+N|^IZMIR|^THES+[AEIO]L+[AEIO]N[AEI][CK][IA]x14y4
87%
r:^CAIRO|^CIARO|^LUXOR|^TABUK|^MEDINA|^ARARx15y5
87%
r:^TORONTO|^DETROIT|^(S[A-Z]+)?(ST|SAINT)?E?MARIE|^GREATERSUDBURY|^VALDORx6y3
87%
r:^CHICAGO|^ATLANTA|^CHARLOT+E|^CINC[AEI]N+AT+I|^NASHVILLEx6y4
87%
r:^S[AO]+P[AOU]+LO|^RIO|^RIBEIRAOPRETO|^CAMPOS|^FLORIANOPOLISx9y11
87%
r:^DENVER|^SALTLAKE|^SLC|^PH[EO]+N[EI]X|^ALB[AEIU][CKQ]+[A-Z]+[CKQ]+(UE|IE|EE)|ABQ|^(L[AO]S)?VEGASx4y4
86%
r:^SANTIAGO|^CORDOBA|^CONCEPCION|^COQUIMBO|^SANTAROSAx7y12
86%
r:^HAL[AEI]FAX|^MONTREAL|^BOSTON|^QU[AE]BEC|^SAINTJOHNx7y3
86%
r:^B[EU]+NOE?SAI?RES|^PORTOALEGRE|^BAHIABLANCA|^MARDELPLATA|^ROSARIOx8y12
86%
r:^(SAINT|ST)?JOHN|^CORNERBROOK|^S[IY][ND]+E?Y|^SAINTPIERRE|^GRANDFALLSWINDSORx8y3
86%
r:^DELHI|^NEWDELHI|^LAHORE|^LUCKNOW|^JODHPUR|^JAIPUR|^JIAPURx18y5
85%
r:^MEL+B[EOU]+RN|^ADELAIDE|^MILDURA|^BROKENHILL|^CANBERRAx23y12
85%
r:^TOKYO|^SENDAI|^AKITASHI|^NIIGATASHI|^NAGANOSHIx23y4
85%
r:^LIMA|^ICA|^CHINCHAALTA|^MALA|^IMPERIALx6y10
85%
r:^KIEV|^KEIV|^BUDAPEST|^BUCHAREST|^OD+ES+A|^BELGRADEx14y3
84%
r:^S[IY][ND]+E?Y|^PORTMACQUARIE|^COFFSHARBOUR|^NEWCASTLE|^ARMIDALEx24y12
84%
r:^MIAMI|^TAMPA|^NASSAU|^NASSUA|^TALLAHASSEE|^MOBILEx6y5
84%
r:^MILAN|^LYON|^MARS(EI|IE)L+E|^ZAGREB|^PRAG[UE][UE]x13y3
83%
r:^BEIJING|^BIEJING|^SHENYANG|^SHENYENG|^ZH?ENGZH?(OU|AO|UO)|^(TS|Q)ING[DT]AO|^T[AI]+Y[AEIOU]+Nx21y4
83%
r:^SHANGHAI|^WUHAN|^XIAMEN|^AMOY|^T[AI]+PEI|^CHANGSHAx21y5
83%
r:^SE[OU]+L|^OSAKA|^BUSAN|^PUSAN|^CHONGJIN|^FU[CK]+[OU]+[CK]+Ax22y4
83%
r:^SEATTLE|^BOISE|^SPOKANE|^PORTLAND|^KELOWNAx3y3
83%
r:^KINGSTOW?N|^HAVAN+A|^GEORGETOWN|^CANCUN|^CHETUMALx6y6
83%
r:^NAPLES|^NAPOLI|^TUNIS|^P[AEIO]LERMO|^CAGL[AEI]+RI|^TEBESSAx13y4
82%
r:^CAPETOWN|^(PORT|PT)ELIZ[AEI]BETH|^GEORGE|^EASTLONDON|^GRAAFFREINETx14y12
82%
r:^LAGOS|^B[AO]M+AKO|^OUAGA|^OAUGA|^N[AI]+M(EY|Y)|^MOPTIx12y7
81%
r:^JOHAN+[AEIOU]+SB[EOU]+RG|^PRETORIA|^KEETMANSHOOP|^UPINGTON|^BL[OE]+MFONT[EI]+N|^GABORONEx14y11
81%
r:^TH?EH?[AE]?RAN|^BAGH?DAD|^BAKU|^TABRIZ|^Y[AE]R[AE]VANx16y4
81%
r:^RIYH?AD|^DUBAI|^KUWAIT|^KERMAN|^DAMMAM|^ADDAMMAMx16y5
81%
r:^PERTH|^KALGOORLIE|^ESPERANCE|^ALBANY|^ALBENY|^RAVENSTHORPEx21y12
81%
r:^SALV[AEIO]DOR|^BRA[SZ]IL[EI]A|^BARREIRAS|^VITORIA|^BELOx9y10
81%
r:^MUMBAI|^BOMBAY|^HYDER[AEI]BAD|^AH?M[AE]D[AE]BAD|^AMDAVAD|^KARNAVATI|^(V[AI]+[SZ][AH]+K|VIZAG)|^NAGPURx18y6
80%
r:^K[AOU]+LAL[AOU]+MP[AEOU]+R|^KUCHING|^MEDAN|^SING[AEIO]PORE|^PEKANBARUx20y8
80%
r:^R[AEY]+[CK]+[A-Z]+V[EI][CK]|^AKUREYRI|^EGILSSTADIR|^HOE?FN|^HAFNARFJOERDURx11y1
79%
r:^KINSH?ASH?A|^LUANDA|^POINTENOIRE|^BANDUNDU|^KASONGOLUNDAx13y9
79%
r:^OULU|^ULEABORG|^HELSINKI|^UMEA|^KUOPIO|^KIRUNAx14y1
79%
r:^DAMASC[EOU]+S|^ANKARA|^MOSUL|^AL+EP+O|^HALAB|^SAMS[AEIOU]Nx15y4
79%
r:^KH?ART(OU|UO)M|^SANA|^JEDDA|^ASMARA|^KHAMISMUSHAITx15y6
79%
r:^BANG[CK]OC?K|^KRUNGTHEP|^HOCHIMIN|^SAIGON|^NHATRANG|^SURATTHANI|^MYEIKx20y7
79%
r:^SANJOSE|^PANAMA|^MAN+AG(AU|UA)|^SANANDRES|^DAVIDx6y7
79%
r:^DHAKA|^DACCA|^YANGON|^RANGOON|^MANDALAY|^BHUBANESWAR|^BHUBANESHWAR|^KOLKATA|^CALCUTTAx19y6
78%
r:^JAKARTA|^PALEMBANG|^FLYINGFISHCOVE|^BENGKULU|^SEMARANGx20y9
78%
r:^G[AU]+Y[AEI]QUIL|^CALI|^QUITO|^PASTO|^MANTAx6y8
78%
r:^CAR+AC[AEOU]+S|^CIUDADGUAYANA|^MARACAIBO|^BARRANQUILLA|^BUCARAMANGAx7y7
78%
r:^LISBON|^LISBOA|^CALDASDARAINHA|^TORRESVEDRAS|^PENICHE|^SESIMBRAx11y4
77%
r:^NAIROBI|^NIAROBI|^JUBA|^KAMPAL+A|^KISMAYO|^MWANZAx15y8
77%
r:^LAPAZ|^SANTACRUZ|^AR+[AEI]QUIPA|^CUSCO|^CUZCO|^TAMBOPATAx7y10
77%
r:^BOGOTA|^BARCELOS|^MITU|^SAOGABRIEL|^PUERTOAYACUCHOx7y8
77%
r:^MAN+IL+A|^CEBU|^PUERTOPRINCESA|^ZAMBOANGA|^LEGASPIx21y7
76%
r:^NOUMEA|^KINGSTON|^POINDIMIE|^WE|^DUMBEAx25y11
76%
r:^SANTODOMINGO|^SANJUAN|^PORT[AOU]+PRINCE|^COCKBURNTOWN|^PORTDEPAIXx7y6
75%
r:^DAKAR|^CONA[RKC]+(EY|Y)|^MONROVIA|^B[AEI]S+(AU|UA)|^KANKANx11y7
74%
r:^DAR|^MBEYA|^MOMBAS+A|^MTWARA|^KASAMAx15y9
74%
r:^BANG[AEI]L[OU]R[EU]|^COLOMBO|^COLUMBO|^KAVARATTI|^CHENNAI|^MADRAS|^KULHUDHUFFUSHIx18y7
74%
r:^WELLINGTON|^DUN[AEIO]D[AEI]N|^CHRISTCHURCH|^NEWPLYMOUTH|^INVERCARGILLx25y13
73%
r:^SANDIEGO|^VICENTEGUERRERO|^ENSENADA|^TIA?J[AU]+NA|^TECATEx3y5
73%
r:^WIN+[AEI]PEG|^MIN+[EAI]+P+[AEIOUL]+S|^THUNDERBAY|^FARGO|^BISMARC?Kx5y3
73%
r:^TASHKENT|^MESHED|^MASHHAD|^MASHAD|^KABUL|^HERAT|^DUSHANBEx17y4
72%
r:^AU[CK]+LAND|^WHANGAREI|^HAMILTON|^TAURANGA|^WHAKATANEx25y12
72%
r:^CALGARY|^SASKATOON|^FORTMCMURRAY|^EDM[AEIO]NT[EO]N|^LARONGEx4y2
72%
r:^AD+[AEI]SAB+[AE]B+A|^DJ[AEI]B(OU|UO|U)TI|^MALAKAL|^BAHIRDAR|^KOSTIx15y7
71%
r:^NANNING|^NANING|^DANANG|^UDONTHANI|^HAIKOU|^HANOIx20y6
71%
r:^L[OU]B+OCK|^(ST|SAINT)L[OUI]+S|^(KANSASCITY|KC)|^MEMPH[EI]S|^OKLAHOMACITY|^OKCx5y4
71%
r:^SABHA|^TRIP+OL+I|^GHAT|^ILLIZI|^GHADAMISx13y5
70%
r:^ANTAN+(AN+)AR+[EI]VO|^(PORT|PT)L(OU|UO)IS|^ANTSIRANANA|^MAHAJANGA|^MAM+[OU]+DZ[OU][OU]x16y10
69%
r:^MUSCAT|^RAJKOT|^SUR|^JUNAGADH|^PORBANDARx17y6
67%
r:^BRISBANE|^BUNDABERG|^TOOWOOMBA|^GLADSTONE|^LISMOREx24y11
67%
r:^MOGAN?DISHU|^BELEDWEYNE|^CEELDHEER|^HOBYO|^CEELBUURx16y8
66%
r:^KARACHI|^QUETTA|^ZAHEDAN|^BIRJAND|^TURBATx17y5
66%
r:^G[AU]+NGZH?OU|^CANTON|^SHENZHEN|^K[AEIOU]+HS[IOU]+NG|^GAOXIONG|^BASCO|^(SHAN|SWA|SUA)T(OU|AO)|^TUGUEGARAOCITYx21y6
66%
r:^KANO|^NDJAM[AEI]NA|^SOKOTO|^ABUJA|^MOUNDOUx13y7
65%
r:^ULANBATOR|^UL[AO]+NBA+T+[AOU]+R|^HOVD|^SAYNSHAND|^MORON|^ERDENETx20y3
65%
r:^A[SC]+UNCION|^CUR[AEI]T[AEI]+BA|^CIUDADDELESTE|^LONDRINA|^RESISTENCIAx8y11
64%
r:^ABIDJAN|^AC+RA|^SANPEDRO|^TAKORADI|^HARPERx12y8
63%
r:^G[AU]+D[AEIO]L[AEI][JH]ARA|^(VICTORIADE)?DURANGO|^MAZATLAN|^MANZANILLO|^TEPICx4y6
63%
r:^GEORGETOWN|^BRIDGETOW?N|^FORTDEFRANCE|^CHAGUANAS|^MABARUMAx8y7
63%
r:^WINDH[OE]+K|^LUDERITZ|^WALVISBAY|^ORANJEMUND|^OMARURUx13y11
62%
r:^NU+K|^SISIMIUT|^PAAMIUT|^MANIITSOQx8y1
62%
r:^TRONDH[EI]+M|^BODO|^BERGEN|^ALESUND|^SUNDSVALLx13y1
61%
r:^KATH?MANDU|^QAMDO|^LHAS+A|^GAUHATI|^GUWAHATI|^MYITKYINAx19y5
60%
r:^DARWIN|^NHULUNBUY|^TENNANTCREEK|^KUNUNURRA|^HALLSCREEKx22y10
60%
r:^(PORT|PT)MORESBE?Y|^DARU|^MOUNTHAGEN|^LAE|^ALOTAUx23y9
60%
r:^G[UA]+T[AE]MALA|^TAPACHULA|^SANSALVADOR|^QUETZALTENANGO|^CHIQUIMULAx5y7
60%
r:^HONOLULU|^KAHULUI|^KAPAA|^KAILUAKONA|^LAHAINAx0y6
59%
r:^D[OU]+ALA|^LIBR[AE]VILLE|^PORTHARCOURT|^FRANCEVILLE|^S[AO]+TOMEx13y8
59%
r:^SUVA|^APIA|^ALOFI|^MATAUTU|^NEIAFUx26y10
59%
r:^M[AO]N[AOU]+S|^SAOFELIX|^JIPARANA|^ALTAMIRA|^JACAREACANGAx8y9
59%
r:^JUN[AE]+U|^SITKA|^PETERSBURG|^KETCHIKAN|^HAINESx2y2
58%
r:^RECIFE|^FERNANDODENORONHADISTRITOESTADUAL|^NATAL|^JOAOPESSOA|^GUARABIRAx10y9
57%
r:^HARARE|^L[AEIO]LONGWE|^NAMPULA|^B(EI|IE)RA|^QUELIMANEx15y10
57%
r:^MALE|^FUVAHMULAH|^VILUFUSHI|^NAIFARU|^THINADHOOx18y8
56%
r:^GEORGETOWNx11y9
54%
r:^RUNDU|^MONGU|^LUSAKA|^LIVINGSTONE|^BULAWAYOx14y10
54%
r:^BANGUI|^BANGIU|^KISANGANI|^MBANDAKA|^K[AEI]GAL+I|^ISIROx14y8
54%
r:^NOV[A-Z]+B[EI]RSK|^OMSK|^PAVLODAR|^KUYBYSHEV|^KOLPASHEVOx18y2
54%
r:^CHENGDU|^KUNMING|^G[UI]+YANG|^LIJIANG|^CH[OU]NG[KQ]INGx20y5
54%
r:^LESABYMES|^(SAINT|ST)?JOHN|^ROSEAU|^BASSETERRE|^CAPESTERREBELLEEAUx8y6
54%
r:^URUMQI|^ALTAY|^HAMI|^ULIASTAY|^KHOVDx19y3
53%
r:^MAPUTO|^TOLIARA|^MAXIXE|^PHALABORWA|^RICHARDSBAYx15y11
51%
r:^XIAN|^SIAN|^LANZHOU|^BAOTOU|^JIAYUGUAN|^YINCHUANx20y4
51%
r:^HOBART|^LAUNCESTON|^QUEENSTOWN|^BURNIE|^DEVONPORTx23y13
51%
r:^BOAVISTA|^SANTAREM|^PAR+AMAR+[EI]M?BO|^CAY[AE]N+E|^MACAPAx8y8
51%
r:^(YE|YA|E)KAT[EIRN]+B[EU]RG|^TYUMEN|^KOSTANAY|^PETROPAVLOV|^MAGNITOGORSKx17y2
49%
r:^SAMARA|^UFA|^ORENBURG|^SARATOV|^KAZANx16y2
48%
r:^VICTORIAx16y9
48%
r:^BELEM|^SAOLUIS|^BRAGANCA|^BARREIRINHAS|^TOMEACUx9y8
48%
r:^KHARKOV|^K[AHR]+K[IO]V|^S[AE][BV][A-Z]+POL|^D[AO]N+E[ST]+K|^KRASNODAR|^STAVROPOLx15y3
47%
r:^ALICESPRINGS|^COOBERPEDYx22y11
47%
r:^DAKHLA|^N[OUA]+[CKH]+OT|^ZOUERAT|^NOUADHIBOU|^KAEDIx11y6
46%
r:^ALMAATA|^ALMATY|^KARAGANDY|^USTKAMENOGORSK|^BAL(KH|Q)ASH|^AYAGOZx18y3
46%
r:^ARKHANGELSK|^ARCHANGEL|^MURMANSK|^PETROZAVODSK|^OSTROVNOY|^MIRNYx15y1
45%
r:^SAP+OR+O|^YUZHNO|^SOVETSKAYA|^PORONAYSK|^ALEKSANDROVSK-SAKHALINSKIYx23y3
45%
r:^PRAIA|^COVAFIGUEIRAx10y7
44%
r:^AMBON|^TUAL|^NABIRE|^DILL?I|^LOSPALOSx22y9
44%
r:^VOLG[AO]GRAD|^ASTRAKHAN|^AKTAU|^ATYRAU|^MAKHACHKALAx16y3
43%
r:^HARBIN|^KHABAROVSK|^HEGANG|^KOMSOMOLSK|^MUDANJIANGx22y3
43%
r:^FORT[AEIO]L[AEI]+[SZ]A|^PALMAS|^IMPERATRIZ|^JUAZEIRO|^TERESINAx9y9
43%
r:^MAKASSAR|^UJUNGPANDANG|^KUPANG|^SUR+[AEIO]BAYA|^LABUHANBAJO|^KENDARIx21y9
42%
r:^DURBAN|^BEREAx15y12
40%
r:^HON[AEI]+R+A|^ARAWA|^KOKOPO|^GIZO|^KIRAKIRAx24y9
39%
r:^YELLOWKNIFE|^KUGLUKTUK|^FORTSMITHx4y1
39%
r:^BILLINGS|^RAPIDCITY|^MIS+[OU]+LA|^IDAHOFALLS|^REGINAx4y3
39%
r:^LASPALMAS|^FUNCHAL|^AGADIR|^L+A+YOUNE|^ELA+IUN|^ARRECIFEx11y5
38%
r:^COLONIA|^FAIS|^DEDEDO|^SANJOSE|^TAMUNINGx23y7
37%
r:^PORTVIL+A|^LUGANVILLE|^ISANGEL|^SOLA|^LAUTOKAx25y10
37%
r:^TOWNSVILLE|^MOUNTISA|^WEIPA|^C[AI]+R?N+E?S|^BOWENx23y10
36%
r:^CIUDADJUAREZ|^HERM[AEIOU]S+IL+O|^CUL[AEIOU]+CAN|^CH[AEIOU]+[HW][AEIOU]+[HW][AEIOU]|^TORREONx4y5
36%
r:^PUNTAARENAS|^USHUA?IA|^SANJULIAN|^RIOGALLEGOS|^PUERTONATALESx7y14
36%
r:^WENO|^KOLONIA|^PALIKIRx24y7
34%
r:^M[AEIO]JURO|^EBAYE|^WOTJE|^UJAE|^JABATx25y7
34%
r:^FUNAFUTI|^ATAFU|^TAULAGA|^SAVAVE|^NUKUNONUx26y9
34%
r:^INUVIK|^DAWSONCITY|^WHITEHORSE|^HAINESJUNCTION|^FORTMCPHERSONx2y1
34%
r:^TROMSO|^ALTA|^ZAPOLYARNYY|^NIKELx14y0
33%
r:^IRKUTSK|^BRATSK|^SEVEROBAIKALSK|^ULANUDE|^USTKUTx20y2
33%
r:^TARAWA|^ARIJEJEN|^JABOR|^MAKIN|^NAMDRIKx25y8
33%
r:^TIMIMOUN|^BECHAR|^INSALAH|^TINDOUF|^MARRAKESH|^MARRAKECHx12y5
32%
r:^ALJAWF|^BENGH?AZI|^TOBRUK|^SIWAOASIS|^MERSAMATRUHx14y5
32%
r:^NU[CK]+[AEIOU]+L[OU]FAx26y11
31%
r:^KOROR|^DAVAO|^CAGAYANDEORO|^BUDTA|^GENERALSANTOSx22y7
29%
r:^YAKU[TK]?SK|^BATAGAY|^BATAGAYALYTA|^SANGAR|^SOLNECHNYYx22y1
28%
r:^TAOUDENNI|^GAO|^NEMA|^KIDAL|^TIMBUKTUx12y6
27%
r:^LONGYEARBYENx13y0
26%
r:^BARROWx0y0
25%
r:^BETHEL|^NOME|^KOTZEBUE|^HOOPERBAYx0y1
25%
r:^MBUJIMAYI|^LUBUMBASHI|^SAURIMO|^KINDU|^KIKWITx14y9
25%
r:^(SAINT|ST)GEORGE|^ARTHURSTOWNx7y5
25%
r:^TRALEE|^GALWAY|^GAILLIMH|^CASTLEBAR|^BALLINAx11y2
24%
r:^HILO|^HAWAIIANPARADISEPARK|^HAWAIIANPARADISEPARKx1y6
24%
r:^STANLEYx8y14
24%
r:^EDIN(B[EU]RG|B[OU]+R[OU]+GH)x11y12
22%
r:^TORSHAVN|^LERWICKx12y1
21%
r:^KRASNOYARSK|^KYZYL|^ABAKAN|^LESOSIBIRSK|^NOVOKUZNETSKx19y2
21%
r:^NAHA|^NAZE|^KAGOSHIMASHI|^HIRARA|^FUKUECHOx22y5
21%
r:^ANTOFAGASTA|^SANMIGUEL|^COPIAPO|^TARIJA|^SALTAx7y11
21%
r:^IQALUIT|^PANGNIRTUNGx7y1
20%
r:^MAG[AEIO]DAN|^OKHOTSK|^NIKOLAYEVSK|^AYAN|^OKHAx23y2
19%
r:^PETROP[A-Z]+SK|^KLYUCHI|^PALANA|^OZERNOVSKIY|^OSSORAx24y2
19%
r:^PORTOVELHO|^IQUITOS|^RIOBRANCO|^PUCALLPA|^LETICIAx7y9
19%
r:^JAMESTOWNx12y10
18%
r:^PORTHEDLAND|^BROOME|^KARRATHA|^DERBYx21y10
18%
r:^PONTADELGADA|^ANGRADOHEROISMOx10y4
16%
r:^NORILSK|^DUDINKA|^KAYYERKAN|^TALNAKHx19y0
16%
r:^FAA|^VAITAPE|^PUNAAUIA|^PAPAO|^PAEAx1y10
16%
r:^COMODORORIVADAVIA|^NEUQUEN|^COIHAIQUE|^TRELEW|^PUERTOMONTTx7y13
16%
r:^PORTAUXFRANCAISx17y14
15%
r:^KOTAKINABALU|^CITYOFBALIKPAPAN|^BALIKPAPAN|^PALU|^MIRI|^SANDAKANx21y8
15%
r:^SAIPANx23y6
15%
r:^(MC|MAC)MURDOx25y15
15%
r:^RIKITEA|^ADAMSTOWNx2y11
15%
r:^PRINCEGEORGE|^TERRACE|^FORTNELSON|^GRANDEPRAIRIE|^HIGHLEVELx3y2
15%
r:^HANGAROAx4y11
15%
r:^CAMPOGRANDE|^CUIABA|^SINOP|^CORUMBA|^VILHENAx8y10
14%
r:^GRYTVIKENx9y14
14%
r:^TAMANRASSET|^BILMA|^AOZOU|^AG[AE]DEZ|^ABALAKx13y6
13%
r:^KODIAKx1y2
13%
r:^TRUJILLO|^HUANUCO|^MOYOBAMBA|^PIURA|^CHICLAYOx6y9
13%
r:^LABRADORx7y2
13%
r:^AMBOVOMBE|^SAINTDENIS|^STDENIS|^FIANARANTSOA|^VOHIPAHO|^ANKAZOABOx16y11
12%
r:^PORTBLAIRx19y7
12%
r:^MA?CKAY|^ROMA|^ROCKHAMPTON|^LIGHTNINGRIDGE|^EMERALDx23y11
12%
r:^JAYAPURA|^LORENGAU|^KAVIENG|^VANIMO|^ABEPURAx23y8
12%
r:^ANAD[IY]R|^BILIBINO|^TILICHIKIx25y1
12%
r:^AVARUAx0y11
11%
r:^DUTCH?HARBOU?R|^SANDPOINT|^DILLINGHAMx0y2
11%
r:^BANDAACEH|^LHOKSEUMAWE|^SINABANG|^MEULABOH|^REULEUETx19y8
11%
r:^WAITANGIx26y13
11%
r:^ILULISSAT|^UPERNAVIK|^UUMMANNAQx8y0
11%
r:^HAPPYVALLEY|^GOOSEBAY|^SAINTAUGUSTINx8y2
11%
r:^HUAMBO|^OSHAKATI|^LUBANGO|^LOBITO|^OPUWOx13y10
10%
r:^SALALAH|^ASSULAYYIL|^HAYMA|^ALGHAYZAH|^ATTAHALIFx16y6
10%
r:^DIKSONx18y0
10%
r:^WESTISLANDx19y10
10%
r:^CARNARVON|^GERALDTON|^NEWMAN|^MELVILLE|^TOMPRICEx21y11
10%
r:^RANKIN|^GJOAHAVENx5y1
10%
r:^PUERTOAYORAx5y8
10%
r:^TABWAKEA|^NAPARIx0y8
9%
r:^VORKUTA|^NYAGAN|^URAY|^KHANTYMANSIYSK|^BELOYARSKIYx17y1
9%
r:^MANADO|^SORONG|^TOBI|^MANOKWARI|^SONSOROLx22y8
9%
r:^ATUONA|^TAIOHAEx2y9
9%
r:^MINDELO|^SANTAMARIAx10y6
8%
r:^ALMUKALLA|^GAALKACYO|^BOSASO|^HADIBU|^CEERIGAABOx16y7
8%
r:^NUKUS|^KYZYLORDA|^ZHEZQAZGHAN|^ARKALYK|^TORGHAYx17y3
8%
r:^SURGUT|^NOVYYURENGOY|^NOYABRSK|^MYSKAMENNYY|^NADYMx18y1
8%
r:^HOTAN|^YINGBAZHA|^KASHI|^RAWALPINDI|^LEHx18y4
8%
r:^CHITA|^BODAYBO|^MOGOCHA|^BAGDARIN|^NERCHINSKx21y2
8%
r:^TIKSI|^USTKUYGAx22y0
8%
r:^THOMPSON|^THEPAS|^DAUPHIN|^SWANRIVER|^FLINFLONx5y2
8%
r:^OLONKINBYENx12y0
7%
r:^ELDAEIN|^WAU|^ELOBEID|^GENEINA|^AMTIMANx14y7
7%
r:^MIRNY|^AYKHAL|^ZHIGANSK|^OLYOKMINSK|^NYURBAx21y1
7%
r:^NORMANWELLS|^WATSONLAKE|^HAYRIVERx3y1
7%
r:^CLYDERIVERx7y0
7%
r:^TASIILAQ|^QAQORTOQx9y1
7%
r:^PORTMATHURIN|^CARGADOSCARAJOS|^CENTREDEFLACQ|^MAHEBOURG|^RIVIEREDUREMPARTx17y10
6%
r:^CEDUNA|^PORTLINCOLN|^ROXBYDOWNS|^WHYALLAx22y12
6%
r:^USTNERA|^ZYRYANKA|^SUSUMAN|^BELAYAGORA|^NEZHDANINSKOEx23y1
6%
r:^FADA|^FAYALARGEAU|^DONGOLA|^IRIBA|^ADDABBAHx14y6
5%
r:^SYKTYVKAR|^NARYANMAR|^UKHTA|^PECHORA|^KOTLASx16y1
5%
r:^MOERAIx1y11
5%
r:^TURA|^YERBOGACHEN|^VANAVARAx20y1
5%
r:^NERYUNGRI|^CHUMIKAN|^CHEGDOMYN|^ZEYA|^ALDANx22y2
5%
r:^PROVIDENIYA|^EGVEKINOT|^BERINGOVSKIY|^LORINOx26y1
5%
r:^GISBORNEx26y12
5%
r:^KHATANGAx20y0
4%
r:^HAILAR|^BARUUNURT|^XILINHOT|^JAGDAQI|^CHIFENGx21y3
4%
r:^CHOKURDAKH|^DEPUTATSKYx23y0
4%
r:^OMSUKCHAN|^SREDNEKOLYMSK|^CHERSKIY|^EVENSK|^SEYMCHANx24y1
4%
r:^PEVEKx25y0
4%
r:^GREENVILLE|^BUCHANANx11y8
3%
r:^NUIQSUTx1y0
3%
r:^SASKYLAKHx21y0
3%
r:^TOFOLx24y8
3%
r:^LATA|^TANRAKE|^TOGA|^KULIAx25y9
3%
r:^PUNTAALTAx8y13
3%
r:^ISAFJOERDURx10y1
2%
r:^ZAOZERSK|^SEVEROMORSK|^POLYARNYY|^GADZHIYEVO|^SNEZHNOGORSKx15y0
2%
r:^BAYKIT|^SEVEROYENISEYSKIY|^IGARKA|^PODKAMENNAYATUNGUSKA|^TURUKHANSKx19y1
2%
r:^SAYIBAGEx19y4
2%

Score Distribution

Percentile by Number Answered

Percent of People with Each Score

Your Score History

You have not taken this quiz